=LDR 00000nam 2200000 4500 =001 INLIS000000000047142 =005 20150814115521.0 =006 =007 =008 =035 ##$$0010-081500000000056 =082 ##$$a 398.059 862 2 =090 ##$$a 398.059 862.2 =100 ##$$a lustantini septiningssih =245 ##$$a mimpi prabu darum marjum =260 ##$$a departemen pendidikan nasional jakarta =300 ##$$a hln. 63 =850 ##$$a NPBMAT =990 ##$$a 2090101440/BPAP-NTB/2015 =990 ##$$a 2090101441/BPAP-NTB/2015 =990 ##$$a 2090101442/BPAP-NTB/2015